| 000 | 00841nam a2200241 i 4500 | ||
|---|---|---|---|
| 001 | 137031 | ||
| 003 | ES-MaACL | ||
| 005 | 20260121130943.0 | ||
| 007 | t| | ||
| 008 | 070214s1903 sp aef |||| | spa d | ||
| 080 | _a355.49"18" | ||
| 100 | 1 |
_aSalas, Francisco Javier de, _d1832-1890 _9151213 |
|
| 245 | 1 | 0 |
_aAcciones navales modernas _b: (1855 - 1900) : compendio histórico con 18 planos / _cpor F.J. de Salas. |
| 250 | _a2ª ed. | ||
| 260 |
_aMadrid : _b[s. n.], _c1903 ( _fImp. Alemana) |
||
| 300 |
_a248 p., XVIII h. de lám. ; _c22 x 15 cm. |
||
| 530 | _aDisponible en formato digital. | ||
| 650 | 7 |
_aHistoria naval _2embne _9142957 |
|
| 852 |
_aES-MaACL _jF-2437 _cDEPO2 |
||
| 856 | 4 |
_uhttp://bdh-rd.bne.es/viewer.vm?id=0000113237&page=1 _y(Biblioteca Digital Hispánica) |
|
| 942 | _2udc | ||
| 999 |
_c137031 _d137031 |
||